01201nam a22002537a 45000010005000000030006000050050017000110080041000280200018000690400029000870500017001160820010001331000016001432450068001592500044002272600037002713000061003085050008003695200461003775210029008385210020008676500035008877000025009227789FISKH20250806151918.0250806b cb ||||| |||| 00| 0 eng d a9780545946025 aFISKHbengcFISKHdFISKH aPZ7.W65535 G a813.6 aWillems, Mo aGoldilocks and the three dinosuars / cAs retold by Mo Willems  aFirst Scholastic printing, January 2016 aNew York : bScholastic ,c2012. a40 unnumbered pages : bcolor illustrations ; c20 cm .  aJ  aOnce upon a time, there were three hungry Dinosaurs: Papa Dinosaur, Mama Dinosaur . . . and a Dinosaur who happened to be visiting from Norway. One day--for no particular reason--they decided to tidy up their house, make the beds, and prepare pudding of varying temperatures. And then--for no particular reason--they decided to go . . . someplace else. They were definitely not setting a trap for some succulent, unsupervised little girl. Definitely not!. 8 a500 bLexile estimate 8 aJ bRaz-Plus  aFractured fairy talesvFiction aRago ,MarthaeDesign